<?xml version="1.0" encoding="UTF-8"?>
<record
    xmlns:xsi="http://www.w3.org/2001/XMLSchema-instance"
    xsi:schemaLocation="http://www.loc.gov/MARC21/slim http://www.loc.gov/standards/marcxml/schema/MARC21slim.xsd"
    xmlns="http://www.loc.gov/MARC21/slim">

  <leader>00785cam a2200205 i 4500</leader>
  <datafield tag="999" ind1=" " ind2=" ">
    <subfield code="c">7428</subfield>
    <subfield code="d">7428</subfield>
  </datafield>
  <controlfield tag="003">OSt</controlfield>
  <controlfield tag="005">20211123141105.0</controlfield>
  <controlfield tag="008">110926s2011    sp            000 0 spa  </controlfield>
  <datafield tag="020" ind1=" " ind2=" ">
    <subfield code="a">9788483069417</subfield>
  </datafield>
  <datafield tag="040" ind1=" " ind2=" ">
    <subfield code="a">DLC</subfield>
    <subfield code="b">eng</subfield>
    <subfield code="c">CDMR</subfield>
  </datafield>
  <datafield tag="100" ind1="1" ind2=" ">
    <subfield code="a">Guillermoprieto, Alma,</subfield>
  </datafield>
  <datafield tag="245" ind1="1" ind2="0">
    <subfield code="a">Desde el pa&#xED;s de nunca jam&#xE1;s /</subfield>
    <subfield code="c">Alma Guillermoprieto ; traducci&#xF3;n de Margarita Valencia.</subfield>
  </datafield>
  <datafield tag="264" ind1=" " ind2="1">
    <subfield code="a">Barcelona :</subfield>
    <subfield code="b">Debate,</subfield>
    <subfield code="c">2011.</subfield>
  </datafield>
  <datafield tag="300" ind1=" " ind2=" ">
    <subfield code="a">380 p&#xE0;gines ;</subfield>
    <subfield code="c">22 cm.</subfield>
  </datafield>
  <datafield tag="490" ind1="0" ind2=" ">
    <subfield code="a">La ficci&#xF3;n real</subfield>
  </datafield>
  <datafield tag="500" ind1=" " ind2=" ">
    <subfield code="a">Traduccions a l'espanyol d'articles publicats originalment en angl&#xE8;s a The Washington Post, The New Yorker i The New York Review of Books, 1980-2008.</subfield>
  </datafield>
  <datafield tag="650" ind1=" " ind2="0">
    <subfield code="9">797</subfield>
    <subfield code="a">Reportatges literaris</subfield>
  </datafield>
  <datafield tag="650" ind1=" " ind2="0">
    <subfield code="9">4219</subfield>
    <subfield code="a">Am&#xE8;rica Llatina</subfield>
    <subfield code="y">1980-2008</subfield>
    <subfield code="x">Cobertura period&#xED;stica</subfield>
  </datafield>
  <datafield tag="942" ind1=" " ind2=" ">
    <subfield code="2">udc</subfield>
    <subfield code="c">MON</subfield>
  </datafield>
  <datafield tag="952" ind1=" " ind2=" ">
    <subfield code="0">0</subfield>
    <subfield code="1">0</subfield>
    <subfield code="4">0</subfield>
    <subfield code="7">0</subfield>
    <subfield code="a">CDMR</subfield>
    <subfield code="b">CDMR</subfield>
    <subfield code="d">2021-11-23</subfield>
    <subfield code="e">Donaci&#xF3;</subfield>
    <subfield code="g">23.90</subfield>
    <subfield code="l">0</subfield>
    <subfield code="o">Dj /119</subfield>
    <subfield code="p">CDMR21110044</subfield>
    <subfield code="r">2021-11-23</subfield>
    <subfield code="w">2021-11-23</subfield>
    <subfield code="y">MON</subfield>
  </datafield>
</record>
